<?xml version="1.0" encoding="UTF-8"?>
<record
    xmlns:xsi="http://www.w3.org/2001/XMLSchema-instance"
    xsi:schemaLocation="http://www.loc.gov/MARC21/slim http://www.loc.gov/standards/marcxml/schema/MARC21slim.xsd"
    xmlns="http://www.loc.gov/MARC21/slim">

  <leader>02086nam a22002537a 4500</leader>
  <controlfield tag="003">Uzh_bibl</controlfield>
  <controlfield tag="008">260429b        |||||||| |||| 00| 0 ukr d</controlfield>
  <datafield tag="020" ind1=" " ind2=" ">
    <subfield code="c">3.52</subfield>
  </datafield>
  <datafield tag="040" ind1=" " ind2=" ">
    <subfield code="a">&#x443;&#x43A;&#x440;.</subfield>
  </datafield>
  <datafield tag="041" ind1=" " ind2=" ">
    <subfield code="2">ukr</subfield>
    <subfield code="a">ukr</subfield>
  </datafield>
  <datafield tag="080" ind1=" " ind2=" ">
    <subfield code="a">821(477)</subfield>
  </datafield>
  <datafield tag="090" ind1=" " ind2=" ">
    <subfield code="a">821(477)</subfield>
    <subfield code="b">&#x41C; 91</subfield>
  </datafield>
  <datafield tag="100" ind1=" " ind2=" ">
    <subfield code="a">&#x41C;&#x443;&#x441;&#x456;&#x454;&#x43D;&#x43A;&#x43E;, &#x41E;&#x43B;&#x435;&#x43A;&#x441;&#x430;</subfield>
  </datafield>
  <datafield tag="245" ind1=" " ind2=" ">
    <subfield code="a">&#x411;&#x430;&#x433;&#x440;&#x44F;&#x43D;&#x430; &#x432;&#x435;&#x436;&#x430;</subfield>
    <subfield code="h">&#x422;&#x435;&#x43A;&#x441;&#x442;</subfield>
  </datafield>
  <datafield tag="260" ind1=" " ind2=" ">
    <subfield code="a">&#x41A;&#x438;&#x457;&#x432;</subfield>
    <subfield code="b">&#x420;&#x430;&#x434;&#x44F;&#x43D;&#x441;&#x44C;&#x43A;&#x438;&#x439; &#x43F;&#x438;&#x441;&#x44C;&#x43C;&#x435;&#x43D;&#x43D;&#x438;&#x43A;</subfield>
    <subfield code="c">1982</subfield>
  </datafield>
  <datafield tag="300" ind1=" " ind2=" ">
    <subfield code="a">527 &#x441;.</subfield>
    <subfield code="f">&#x412; &#x43E;&#x43F;&#x440;.</subfield>
  </datafield>
  <datafield tag="520" ind1=" " ind2=" ">
    <subfield code="a">&#x421;&#x43B;&#x430;&#x432;&#x43D;&#x456; &#x441;&#x442;&#x43E;&#x440;&#x456;&#x43D;&#x43A;&#x438; &#x434;&#x43E; &#x433;&#x435;&#x440;&#x43E;&#x457;&#x447;&#x43D;&#x43E;&#x433;&#x43E; &#x43B;&#x456;&#x442;&#x43E;&#x43F;&#x438;&#x441;&#x443; &#x414;&#x440;&#x443;&#x433;&#x43E;&#x457; &#x441;&#x432;&#x456;&#x442;&#x43E;&#x432;&#x43E;&#x457; &#x432;&#x456;&#x439;&#x43D;&#x438; &#x432;&#x43F;&#x438;&#x441;&#x430;&#x43B;&#x438; &#x43F;&#x456;&#x434;&#x43F;&#x456;&#x43B;&#x44C;&#x43D;&#x438;&#x43A;&#x438; &#x41A;&#x438;&#x454;&#x432;&#x430;. &#x422;&#x430; &#x43D;&#x430;&#x432;&#x456;&#x442;&#x44C; &#x437;&#x430;&#x440;&#x430;&#x437; &#x447;&#x438;&#x43C;&#x430;&#x43B;&#x43E; &#x457;&#x445;&#x43D;&#x456;&#x445; &#x43F;&#x43E;&#x434;&#x432;&#x438;&#x433;&#x456;&#x432; &#x449;&#x435; &#x43B;&#x438;&#x448;&#x430;&#x44E;&#x442;&#x44C;&#x441;&#x44F; &#x43D;&#x435;&#x432;&#x456;&#x434;&#x43E;&#x43C;&#x438;&#x43C;&#x438;. &#x427;&#x438; &#x43D;&#x435; &#x43F;&#x440;&#x43E; &#x43D;&#x430;&#x439;&#x433;&#x440;&#x430;&#x43D;&#x434;&#x456;&#x43E;&#x437;&#x43D;&#x456;&#x448;&#x443; &#x431;&#x43E;&#x439;&#x43E;&#x432;&#x443; &#x43E;&#x43F;&#x435;&#x440;&#x430;&#x446;&#x456;&#x44E;, &#x437;&#x432;&#x435;&#x440;&#x448;&#x435;&#x43D;&#x443; &#x43D;&#x430; &#x431;&#x435;&#x440;&#x435;&#x433;&#x430;&#x445; &#x414;&#x43D;&#x456;&#x43F;&#x440;&#x430; &#x432; &#x43F;&#x435;&#x440;&#x435;&#x434;&#x434;&#x454;&#x43D;&#x44C; &#x41A;&#x443;&#x440;&#x441;&#x44C;&#x43A;&#x43E;&#x457; &#x431;&#x438;&#x442;&#x432;&#x438;, &#x43F;&#x440;&#x43E; &#x432;&#x438;&#x43A;&#x440;&#x438;&#x442;&#x442;&#x44F; &#x437;&#x43B;&#x43E;&#x447;&#x438;&#x43D;&#x43D;&#x43E;&#x433;&#x43E; &#x433;&#x456;&#x442;&#x43B;&#x435;&#x440;&#x456;&#x432;&#x441;&#x44C;&#x43A;&#x43E;&#x433;&#x43E; &#x43F;&#x43B;&#x430;&#x43D;&#x43D;&#x443; &#xAB;&#x425;&#x435;&#x433;&#x435;&#x432;&#x430;&#x43B;&#x44C;&#x434;&#xBB; &#x456; &#x43F;&#x440;&#x43E; &#x432;&#x438;&#x441;&#x43E;&#x43A;&#x438;&#x439; &#x43B;&#x435;&#x433;&#x435;&#x43D;&#x434;&#x430;&#x440;&#x43D;&#x438;&#x439; &#x433;&#x435;&#x440;&#x43E;&#x457;&#x437;&#x43C; &#x43D;&#x430;&#x440;&#x43E;&#x434;&#x43D;&#x438;&#x445; &#x43C;&#x435;&#x441;&#x43D;&#x438;&#x43A;&#x456;&#x432; &#x437; &#x434;&#x43E;&#x43A;&#x443;&#x43C;&#x435;&#x43D;&#x442;&#x430;&#x43B;&#x44C;&#x43D;&#x43E;&#x44E; &#x442;&#x43E;&#x447;&#x43D;&#x456;&#x441;&#x442;&#x44E; &#x43E;&#x43F;&#x43E;&#x432;&#x456;&#x434;&#x430;&#x454;&#x442;&#x44C;&#x441;&#x44F; &#x432; &#x43D;&#x43E;&#x432;&#x43E;&#x43C;&#x443; &#x440;&#x43E;&#x43C;&#x430;&#x43D;&#x456; &#x443;&#x43A;&#x440;&#x430;&#x457;&#x43D;&#x441;&#x44C;&#x43A;&#x43E;&#x433;&#x43E; &#x440;&#x430;&#x434;&#x44F;&#x43D;&#x441;&#x44C;&#x43A;&#x43E;&#x433;&#x43E; &#x43F;&#x438;&#x441;&#x44C;&#x43C;&#x435;&#x43D;&#x43D;&#x438;&#x43A;&#x430;, &#x437;&#x43D;&#x430;&#x43D;&#x43E;&#x433;&#x43E; &#x447;&#x438;&#x442;&#x430;&#x447;&#x435;&#x432;&#x456; &#x43F;&#x43E; &#x442;&#x435;&#x442;&#x440;&#x430;&#x43B;&#x43E;&#x433;&#x456;&#x457; &#xAB;&#x417;&#x43E;&#x43B;&#x43E;&#x442;&#x456; &#x432;&#x43E;&#x440;&#x43E;&#x442;&#x430;&#xBB;, &#xAB;&#x427;&#x43E;&#x440;&#x43D;&#x435; &#x441;&#x43E;&#x43D;&#x446;&#x435;&#xBB;. &#xAB;&#x411;&#x456;&#x43B;&#x438;&#x439; &#x43C;&#x43E;&#x440;&#x43E;&#x43A;&#xBB; &#x442;&#x430; &#xAB;&#x413;&#x43E;&#x43B;&#x443;&#x431;&#x438;&#x439; &#x431;&#x435;&#x440;&#x435;&#x433;&#xBB;.</subfield>
  </datafield>
  <datafield tag="521" ind1=" " ind2=" ">
    <subfield code="a">&#x414;&#x43B;&#x44F; &#x448;&#x438;&#x440;&#x43E;&#x43A;&#x43E;&#x433;&#x43E; &#x43A;&#x43E;&#x43B;&#x430; &#x447;&#x438;&#x442;&#x430;&#x447;&#x456;&#x432;</subfield>
  </datafield>
  <datafield tag="546" ind1=" " ind2=" ">
    <subfield code="a">&#x443;&#x43A;&#x440;.</subfield>
  </datafield>
  <datafield tag="650" ind1=" " ind2=" ">
    <subfield code="a">&#x41B;&#x456;&#x442;&#x435;&#x440;&#x430;&#x442;&#x443;&#x440;&#x43D;&#x43E;-&#x445;&#x443;&#x434;&#x43E;&#x436;&#x43D;&#x454; &#x432;&#x438;&#x434;&#x430;&#x43D;&#x43D;&#x44F;</subfield>
    <subfield code="y">&#x41F;&#x435;&#x440;&#x456;&#x43E;&#x434; &#x414;&#x440;&#x443;&#x433;&#x43E;&#x457; &#x441;&#x432;&#x456;&#x442;&#x43E;&#x432;&#x43E;&#x457; &#x432;&#x456;&#x439;&#x43D;&#x438;, &#x437;&#x43E;&#x43A;&#x440;&#x435;&#x43C;&#x430; &#x43D;&#x430;&#x43F;&#x435;&#x440;&#x435;&#x434;&#x43E;&#x434;&#x43D;&#x456; &#x41A;&#x443;&#x440;&#x441;&#x44C;&#x43A;&#x430; &#x431;&#x438;&#x442;&#x432;&#x430; (1943 &#x440;&#x456;&#x43A;)</subfield>
    <subfield code="z">&#x423;&#x43A;&#x440;&#x430;&#x457;&#x43D;&#x430;, &#x43C;. &#x41A;&#x438;&#x457;&#x432; &#x442;&#x430; &#x431;&#x435;&#x440;&#x435;&#x433;&#x438; &#x414;&#x43D;&#x456;&#x43F;&#x440;&#x430;</subfield>
  </datafield>
  <datafield tag="653" ind1=" " ind2=" ">
    <subfield code="a">&#x412;&#x456;&#x439;&#x43D;&#x430;</subfield>
    <subfield code="a">&#x41F;&#x456;&#x434;&#x43F;&#x456;&#x43B;&#x43B;&#x44F;</subfield>
    <subfield code="a">&#x413;&#x435;&#x440;&#x43E;&#x457;&#x437;&#x43C;</subfield>
    <subfield code="a">&#x41E;&#x43F;&#x435;&#x440;&#x430;&#x446;&#x456;&#x44F;</subfield>
    <subfield code="a">&#x41E;&#x43F;&#x456;&#x440;</subfield>
  </datafield>
  <datafield tag="655" ind1=" " ind2=" ">
    <subfield code="a">&#x420;&#x43E;&#x43C;&#x430;&#x43D; (&#x432;&#x43E;&#x454;&#x43D;&#x43D;&#x43E;-&#x456;&#x441;&#x442;&#x43E;&#x440;&#x438;&#x447;&#x43D;&#x438;&#x439;, &#x434;&#x43E;&#x43A;&#x443;&#x43C;&#x435;&#x43D;&#x442;&#x430;&#x43B;&#x44C;&#x43D;&#x43E;-&#x445;&#x443;&#x434;&#x43E;&#x436;&#x43D;&#x456;&#x439;)</subfield>
    <subfield code="v">&#x420;&#x43E;&#x43C;&#x430;&#x43D;</subfield>
  </datafield>
  <datafield tag="942" ind1=" " ind2=" ">
    <subfield code="2">udc</subfield>
    <subfield code="c">BK</subfield>
  </datafield>
  <datafield tag="999" ind1=" " ind2=" ">
    <subfield code="c">17551</subfield>
    <subfield code="d">17551</subfield>
  </datafield>
  <datafield tag="952" ind1=" " ind2=" ">
    <subfield code="0">0</subfield>
    <subfield code="1">0</subfield>
    <subfield code="2">udc</subfield>
    <subfield code="4">0</subfield>
    <subfield code="7">0</subfield>
    <subfield code="a">CMB</subfield>
    <subfield code="b">CMB</subfield>
    <subfield code="c">AB</subfield>
    <subfield code="d">2026-04-29</subfield>
    <subfield code="i">15301</subfield>
    <subfield code="l">0</subfield>
    <subfield code="o">821(477)</subfield>
    <subfield code="p">20325</subfield>
    <subfield code="r">2026-04-29</subfield>
    <subfield code="w">2026-04-29</subfield>
    <subfield code="y">BK</subfield>
  </datafield>
</record>
